000 01322nam a2200349 c 4500
003 BLK
005 20250127100131.0
008 180408b bul|||||r ||||||| ||bul||
010 _aKNG00080871000
020 _a978-954-340-081-2
_bиздат.: Милениум
040 _aBLK
041 _aBUL
_cBUL
080 _aВътрешна политика. Вж и 329
_b323
_x(497.2)
_z323(497.2)
100 1 _aБояджиев, Валентин Тодоров
_eпърви автор
_9297892
139 _aБояджиев, Валентин
_bБ 73
245 1 0 _aБългарските мистерии на ХХ век
_bОт Фердинанд до Сергей
_cВалентин Тодоров Бояджиев.
257 _aBGR
260 София
_bМилениум
_c2007
_fСофия : Мултипринт
300 _a396 с.
_c20 см
380 _a3
590 _aф
650 7 _aБългария - вътрешна и външна политика
_2
_9149492
651 4 _aБългария
_9241624
653 _aвътрешна политика
653 _aвъншна политика
852 _aЦб 238012
856 4 _qpdf
_u
856 4 _qpdf
_u
942 _cKNG
_n0
_02
944 _aCR
_c28.01.2008
_k30560
_lГеновева Генчева
944 _aED
_c07.11.2008
_k
999 _c76439
_d76439